000 00799nam a2200253Ia 4500
003 OSt
005 20220928123946.0
006 a|||||r|||| 00| 0
007 ta
008 220927b |||||||| |||| 00| 0 eng d
020 _cEURO 56.99
024 _a133618
037 _b61, 15/03/2017, Excel Book International
_cTextual
040 _aSDCL
_cSDCL
_beng
041 _2eng
_aeng
082 _aB28ObD6,8(B), Q6
100 _aHaslwanter Thomas
_9462646
245 0 _aIntroduction to statistics with python
_b With applications in the life sciences
260 _aBerlin
_bSpringer
_c2016
300 _axv,278p.
_ccm.
650 _aI I C
942 _hB28ObD6,8(B), Q6
_cTEXL
_2CC
999 _c775611
_d775611